| 000 | 00650nam a22001817a 4500 | ||
|---|---|---|---|
| 005 | 20251108171848.0 | ||
| 008 | 250721s1989 xx 000 0 ara d | ||
| 082 | 1 | 4 | _aم/213.3/مال |
| 100 | 1 | _aأنس، مالك بن | |
| 245 | 1 | 0 |
_aالموطأ : _bرواية يحيى بن يحيى الليثي في دراسة مقارنة مع فقه الإمام أحمد بن حنبل / |
| 264 | 1 |
_aبيروت : _bدار الفكر للنشر و التوزيع، _c1989. |
|
| 300 | _a688ص | ||
| 650 | 1 | 7 | _aالدين الإسلامي |
| 650 | 1 | 7 | _aالحديث النبوي |
| 700 | 1 | _aاللحام، سعيد | |
| 942 |
_2ddc _cREF |
||
| 999 |
_c64537 _d64537 |
||